|
|
|
|
| LEADER |
01713nam a2200265 i 4500 |
| 001 |
GR-MES1287 |
| 003 |
GR-PaULI |
| 005 |
20240801141347.0 |
| 008 |
991111s1985 gr a g 001 0 gre d |
| 040 |
|
|
|a GrPaTEI
|b gre
|c GR-PaULI
|e AACR2
|
| 082 |
0 |
4 |
|a 658
|2 23
|
| 100 |
1 |
|
|9 205269
|a Καλύβας, Βασίλης Α.
|e συγγραφέας.
|
| 245 |
1 |
0 |
|a Σχέδιο κώδικα λειτουργίας οικονομικών μονάδων ή ΣΚΛΟΜ (αρχικά γράμματα του τίτλου) /
|c Βασίλη και Ανδρέα Καλύβα.
|
| 246 |
1 |
|
|i Τίτλος εξωφύλλου:
|a Σχέδιο κώδικα λειτουργίας οικονομικών μονάδων: (Επιχειρήσεων - οργανισμών - τραπεζών κλπ.)
|
| 260 |
|
|
|a Αθήνα :
|b Παπαζήσης,
|c 1985.
|
| 300 |
|
|
|a 351 σ. :
|b εικ. ;
|c 24 εκ.
|
| 490 |
0 |
|
|a Βιβλιοθήκη οργανωτικών σχεδίων οικονομικών μονάδων / Παπαζήσης
|
| 500 |
|
|
|a Περιλαμβάνει ευρετήριο.
|
| 650 |
|
4 |
|a Διοίκηση και οργάνωση
|9 53
|
| 700 |
1 |
|
|a Καλύβας, Ανδρέας Β.
|9 205270
|e συγγραφέας.
|
| 942 |
|
|
|2 ddc
|c BK
|
| 952 |
|
|
|0 0
|1 0
|2 ddc
|4 0
|6 658_500000000000000_ΚΑΛ
|7 0
|9 265331
|a MSLG
|b MSLG
|c BSC
|d 2021-01-17
|e 24
|f 0
|g 0.00
|i 5147
|l 0
|o 658.5 ΚΑΛ
|p 2420000005147
|r 2021-01-17 00:00:00
|t 1
|w 2021-01-17
|y BK15
|x 19991111 0 1
|x GrPaTEI
|
| 952 |
|
|
|0 0
|1 0
|2 ddc
|4 0
|6 658_500000000000000_ΚΑΛ
|7 0
|9 265332
|a MSLG
|b MSLG
|c BSC
|d 2021-01-17
|e 24
|f 0
|g 0.00
|i 5160
|l 0
|o 658.5 ΚΑΛ
|p 2420000005160
|r 2021-01-17 00:00:00
|t 2
|w 2021-01-17
|y BK15
|x 19991111 0 1
|x GrPaTEI
|
| 998 |
|
|
|c ΑΔΑΜΟΠΟΥΛΟΥ
|d 2024-08
|
| 999 |
|
|
|c 152548
|d 152548
|